| 000 | 01248nam a2200217Ia 4500 | ||
|---|---|---|---|
| 003 | Ost | ||
| 005 | 20260507075653.0 | ||
| 008 | 260507s9999||||xx |||||||||||||| ||und|| | ||
| 040 | _cfsecg | ||
| 041 | _aara | ||
| 082 | _a343.0320285 | ||
| 100 |
_aالجنبيهى، منير محمد _eمؤلف |
||
| 245 | 0 |
_aالنقود الإلكترونية / _c منير محمد الجنبيهى |
|
| 260 |
_aالإسكندرية: _bدار الفكر الجامعي, _c2005 |
||
| 300 |
_a152 صفحة؛ _bإيضاحات ؛ _c24 سم |
||
| 520 | _aمقدمة عن تاريخ شبكة الانترنت- انتشار النقود البلاستيكية- الضوابط الرقابية للعمليات المصرفية الإلكترونية وإصدار وسائل دفع الألكتروني- قانون النموذجي الخاص بالتجارة الإلكترونية- شرح مواد قانون الأونسترال النموذجي الخاص بالتجارة الإلكترونية- سجل تطورات القانون النموذجي وخلفيته. | ||
| 653 | _aالأنترنت | ||
| 653 | _aالنقود- قوانين وتشريعات- مصر | ||
| 700 |
_aالجنبيهي، ممدوح محمد _eمؤلف ثانوي |
||
| 942 | _cكتاب | ||
| 999 |
_c45650 _d45650 |
||